Benson's Microbiological Applications: (Record no. 4166)

MARC details
000 -LEADER
fixed length control field 01138cam a2200301 a 4500
001 - CONTROL NUMBER
control field 13801583
003 - CONTROL NUMBER IDENTIFIER
control field OSt
005 - DATE AND TIME OF LATEST TRANSACTION
control field 20240106124342.0
008 - FIXED-LENGTH DATA ELEMENTS--GENERAL INFORMATION
fixed length control field 041129s2005 maua b 001 0 eng
010 ## - LIBRARY OF CONGRESS CONTROL NUMBER
LC control number 2004559377
020 ## - INTERNATIONAL STANDARD BOOK NUMBER
International Standard Book Number 978-0072823974
020 ## - INTERNATIONAL STANDARD BOOK NUMBER
International Standard Book Number 0072823976
040 ## - CATALOGING SOURCE
Original cataloging agency DLC
Transcribing agency DLC
Modifying agency DLC
050 00 - LIBRARY OF CONGRESS CALL NUMBER
Classification number QR63
Item number .B45 2005
082 00 - DEWEY DECIMAL CLASSIFICATION NUMBER
Classification number QW 4 B812b 2005
100 1# - MAIN ENTRY--PERSONAL NAME
Personal name Benson, Harold J.; Brown, Alfred E.
9 (RLIN) 8981
245 10 - TITLE STATEMENT
Title Benson's Microbiological Applications:
Remainder of title laboratory manual in general microbiology
250 ## - EDITION STATEMENT
Edition statement 9th ed.
260 ## - PUBLICATION, DISTRIBUTION, ETC. (IMPRINT)
Place of publication, distribution, etc. Boston:
Name of publisher, distributor, etc. McGraw-Hill Higher Education,
Date of publication, distribution, etc. 2005.
300 ## - PHYSICAL DESCRIPTION
Extent xiv, 510 p. :
Other physical details col.ill ;
Dimensions 28 cm.
504 ## - BIBLIOGRAPHY, ETC. NOTE
Bibliography, etc Includes bibliographical references (p. 499-500) and index.
650 #0 - SUBJECT ADDED ENTRY--TOPICAL TERM
Topical term or geographic name as entry element Microbiology
9 (RLIN) 8982
856 42 - ELECTRONIC LOCATION AND ACCESS
Materials specified Publisher description
Uniform Resource Identifier http://www.loc.gov/catdir/description/mh051/2004559167.html
856 41 - ELECTRONIC LOCATION AND ACCESS
Materials specified Table of contents only
Uniform Resource Identifier http://www.loc.gov/catdir/enhancements/fy0621/2004559377-t.html
906 ## - LOCAL DATA ELEMENT F, LDF (RLIN)
a 7
b cbc
c origcop
d 2
e ncip
f 20
g y-gencatlg
942 ## - ADDED ENTRY ELEMENTS (KOHA)
Source of classification or shelving scheme Dewey Decimal Classification
Koha item type Open Shelf
Holdings
Withdrawn status Lost status Source of classification or shelving scheme Damaged status Not for loan Home library Current library Date acquired Inventory number Total Checkouts Full call number Barcode Date last seen Koha item type
    Other/Generic Classification Scheme     MUST Main Library MUST Main Library 26/05/2016 11/35563   QW 4 B812b 2005 2016-2148 26/05/2016 Open Shelf